000 00600cam a22001697a 4500
008 180718b2000 xxu||||| |||| 00| 0 eng d
082 _aXA7x54 M691 (N)
100 _aMisra, Girish K.
245 _aSelf-help and community participation for rural housing in areas prone to natural disasters
_cby Girish K. Misra and J.N. Upadhyay
260 _aNew Delhi
_bIndian Institute of Public Administration
_c2000
300 _a85p.
650 _aDisasters relief - India
650 _aDisasters - India
650 _aHousing policy - India
650 _aHousing, Rural - India
700 _aUpadhyay, J.N.
999 _c490093
_d490093